| 000 | 00460cam a22001457a 4500 | ||
|---|---|---|---|
| 008 | 180718b1970 xxu||||| |||| 00| 0 eng d | ||
| 020 | _a269 67118 8 | ||
| 082 | _aX1 G314 | ||
| 100 | _aGeretsegger, Heinz | ||
| 245 |
_aOtto Wagner 1841-1918: the expanding city, the beginning of modern architecture _cby Heina Gertsegger and Max Peinter |
||
| 260 |
_aLondon _bPall Mall _c1970 |
||
| 300 | _a276p | ||
| 650 | _aWagner, Otto, 1841-1918. | ||
| 700 | _aPeinter, Max | ||
| 999 |
_c411771 _d411771 |
||